LEADER 01218nam0-2200385li-450 001 990000266590203316 005 20180312154729.0 010 $a2-85206-5495 035 $a0026659 035 $aUSA010026659 035 $a(ALEPH)000026659USA01 035 $a0026659 100 $a20001109d1989----km-y0itay0103----ba 101 0 $aeng 102 $aUS 200 1 $aRetaining structures$ea guide of engineering design$fby Marcel and André Reimbert$gtranslated from French language by Nathalie M. Marlier$grevised by A.B. Phillips 210 $aNew York$cLavoisier Publishing$dcopyr. 1989 215 $a170 p.$cill.$d24 cm 610 1 $astrutture di sostegno 676 $a624164$9. 700 1$aReimbert,$bMarcel$016356 702 1$aMarlier,$bNathalie M. 702 1$aPhillips A.B. 702 1$aReimbert,$bAndré 801 $aSistema bibliotecario di Ateneo dell' Università di Salerno$gRICA 912 $a990000266590203316 951 $a624.164 REI$b0000789 959 $aBK 969 $aTEC 979 $c19910521 979 $c20001110$lUSA01$h1716 979 $c20020403$lUSA01$h1635 979 $aPATRY$b90$c20040406$lUSA01$h1619 996 $aRetaining structures$91491852 997 $aUNISA LEADER 01085nam a2200301 i 4500 001 991003515179707536 005 20020509123556.0 008 990331s1967 it ||| | ita 035 $ab11173993-39ule_inst 035 $aPARLA183484$9ExL 040 $aDip.to Filosofia$bita 082 0 $a324.24505092 082 0 $a923 100 1 $aCortese Ardias, Amelia$0302382 245 13$aUn liberale moderno :$bGuido Cortese /$cAmelia Ardias Cortese 260 $a[Milano] :$bMondadori,$c1967 300 $a424 p. :$btav. ;$c21 cm 440 3$aLe scie 500 $aCon articoli e discorsi di G. Cortese 600 14$aCortese, Guido 700 1 $aCortese, Guido 907 $a.b11173993$b21-09-06$c28-06-02 912 $a991003515179707536 945 $aLE005 MF 24 H 5$g1$i2005000052347$lle005$o-$pE0.00$q-$rl$s- $t0$u0$v0$w0$x0$y.i11320333$z28-06-02 945 $aLE005IF XV F 19$g1$i2005000089107$lle005$o-$pE0.00$q-$rl$s- $t0$u0$v0$w0$x0$y.i11320345$z28-06-02 996 $aLiberale moderno$9869909 997 $aUNISALENTO 998 $ale005$b01-01-99$cm$da $e-$fita$git $h3$i2